| 000 | 00723nam a22002057a 4500 | ||
|---|---|---|---|
| 999 |
_c16743 _d16743 |
||
| 003 | AR-CdUCM | ||
| 008 | 190506b ||||| |||| 00| 0 spa d | ||
| 040 |
_aMUNICIPALIDAD PROVINCIAL DEL CUSCO _cBIBLIOTECA MUNICIPAL DEL CUSCO |
||
| 082 |
_a498.51 / _bS68 |
||
| 100 |
_aSolís Fonseca, Gustavo _930823 |
||
| 245 | _aLinguística y gramática runasimi-chanka / | ||
| 260 |
_aLima : _bUNESCO : _c1989. |
||
| 300 |
_a262 paginas ; _c21 cm. |
||
| 505 | _aContenido :Generalidades --Lingüística quechua --Gramatica del runasimi Chanka --Fonología --Morfología ... | ||
| 650 |
_aLengua quechua _97426 |
||
| 650 |
_aLingüística _91640 |
||
| 650 |
_aGramática _99175 |
||
| 942 |
_2ddc _cLIBROS |
||
| 945 |
_arjall _d2019-05-06 |
||